Statistiques concernant Culture Générale - Série 1165

Cliquez ici pour prendre le quiz!

Statistiques générales

  • Ce quiz a été pris 38 fois
  • Le résultat moyen est 6 sur 10

Statistiques - réponses

QuestionRéponse% Correct
Quelle unité de niveau sonore est symbolisée par un "D" minuscule et un "B" majuscule (dB) ?décibel
97%
Quel nom désigne à la fois : l'homme qui présente un enfant au baptême et le chef d'une mafia ?parrain
81%
Quels animaux sont Bernard et Bianca dans un dessin animé de Walt Disney ?souris
81%
Quel sculpteur français fut rejeté du Salon de 1864 avec son buste intitulé "L'Homme au nez cassé" ?Auguste Rodin
72%
Comment appelle-t-on plus couramment les vibrisses du chat ?moustaches
69%
Chez l'homme, comment appelle-t-on la partie du squelette du pied, formé de sept os courts, disposés en double rangée ?tarse
47%
Quel membre de l'Académie française a publié les romans "Le Vent du soir" en 1985 et "Histoire du juif errant" en 1990 ?Jean D'Ormesson
42%
Quel est le prénom de la reine de Jordanie, épouse du roi Abdallah II ?Rania
39%
Au Moyen Age, si le troubadour s'exprimait en langue d'oc, comment nommait-on le poète qui s'exprimait en langue d'oïl ?trouvère
33%
La série télévisée d'animation dans laquelle on suit les aventures d'Arkana et Spartakus a pour titre "Les Mondes...engloutis
31%

Distribution des résultats

Percentile par nombre de réponses

% des personnes avec chaque résultat

Votre développement - résultats

Vous n’avez pas pris ce quiz